000 00379pab a2200169 454500
008 180718b2009 xxu||||| |||| 00| 0 eng d
100 _aPatnaik, Prabhat
245 _aSocialism and the peasantry
260 _c2009
300 _ap.22-33.
362 _aNov-Dec
650 _aPeasantry
650 _aSocialism
773 _aSocial Scientist
908 _aN
909 _a85436
999 _c85436
_d85436